Normal view
MARC view
- عفيفي،صديق محمد/جرمين حزين سعد
Entry Personal Name
001 - CONTROL NUMBER
- control field: 32827
003 - CONTROL NUMBER IDENTIFIER
- control field: JO-AjAnu
005 - DATE AND TIME OF LATEST TRANSACTION
- control field: 20230606075519.0
008 - FIXED-LENGTH DATA ELEMENTS
- fixed length control field: 230606|| aca||aabn | a|a d
040 ## - CATALOGING SOURCE
- Original cataloging agency: JO-AjAnu
- Transcribing agency: JO-AjAnu
100 ## - HEADING--PERSONAL NAME
- Personal name: عفيفي،صديق محمد/جرمين حزين سعد
670 ## - SOURCE DATA FOUND
- Source citation: Work cat.: (JO-AjAnu)16865: عفيفي،صديق محمد/جرمين حزين سعد, author, التفاوض الفعال في الحياة والاعمال